[Event "CHN-ch"]
[Site "Xinghua"]
[Date "2025.07.01"]
[Round "9"]
[White "Xie, Chujun"]
[Black "Ding, Zhiyuan"]
[Result "1-0"]
[WhiteElo "1904"]
[BlackElo "1942"]
[PlyCount "111"]
[EventDate "2025.06.23"]
[EventType "swiss"]
[EventRounds "11"]
[EventCountry "CHN"]
[SourceTitle "CB28_2025"]
[SourceDate "2025.07.09"]
[SourceVersion "1"]
[SourceVersionDate "2025.07.09"]
[SourceQuality "1"]

1. e4 c5 2. Nf3 d6 3. d4 cxd4 4. Nxd4 Nf6 5. Nc3 a6 6. Bg5 e6 7. f4 h6 8. Bh4 Qb6 9. a3 Be7 10. Bf2 Qc7 11. Qf3 Nbd7 12. 0-0-0 b5 13. g4 Bb7 14. Bd3 Nc5 15. h4 d5 16. e5 Nfe4 17. Bxe4 Nxe4 18. Rh3 Rc8 19. Be1 Bc6 20. g5 h5 21. g6 Nxc3 22. Bxc3 Bc5 23. f5 Bxd4 24. Bxd4 fxg6 25. fxe6 Qe7 26. Qd3 Qxe6 27. Rg3 Qf5 28. Rxg6 Bd7 29. Rxa6 Qxd3 30. Rxd3 Bf5 31. Rc3 Rxc3 32. Bxc3 0-0 33. e6 Re8 34. Ra7 g6 35. e7 Kf7 36. Bb4 Rc8 37. c3 Rc6 38. Ra8 Rc8 39. Ra7 Ke8 40. Kd2 Rc4 41. b3 Rc8 42. a4 bxa4 43. bxa4 Bd7 44. a5 Bc6 45. Ke3 Bd7 46. Kf4 Bf5 47. Ke5 Be4 48. c4 Bf5 49. cxd5 Bd7 50. Kf6 Bf5 51. Bd6 Be4 52. Ke5 Bf5 53. a6 Bd7 54. Rb7 Ra8 55. a7 Rc8 56. Rb8 1-0

[Event "CHN-ch"]
[Site "Xinghua"]
[Date "2025.06.25"]
[Round "3"]
[White "Zhong, Taoyu"]
[Black "Ding, Zhiyuan"]
[Result "1-0"]
[WhiteElo "1778"]
[BlackElo "1942"]
[PlyCount "97"]
[EventDate "2025.06.23"]
[EventType "swiss"]
[EventRounds "11"]
[EventCountry "CHN"]
[SourceTitle "CB28_2025"]
[SourceDate "2025.07.09"]
[SourceVersion "1"]
[SourceVersionDate "2025.07.09"]
[SourceQuality "1"]

1. d4 Nf6 2. c4 e6 3. g3 Bb4+ 4. Bd2 Be7 5. Bg2 d5 6. Nf3 0-0 7. 0-0 c6 8. Qc2 Nbd7 9. Bf4 b6 10. cxd5 cxd5 11. Rc1 Bb7 12. Qb3 Rc8 13. Nc3 a6 14. a4 Rc4 15. Na2 Rxc1+ 16. Rxc1 Qa8 17. Ne5 Nxe5 18. dxe5 Nd7 19. Rc7 Bc6 20. Nb4 Bxb4 21. Qxb4 Rc8 22. Rxc8+ Qxc8 23. Qc3 Qb7 24. b3 b5 25. a5 b4 26. Qd4 Qb5 27. Bd2 Qxe2 28. Bf1 Qxe5 29. Qxe5 Nxe5 30. Bxb4 Bb7 31. f4 Nf3+ 32. Kf2 Nxh2 33. Be2 f5 34. Ke3 e5 35. fxe5 Kf7 36. Kd4 g5 37. Bd2 g4 38. Kc5 Nf3 39. Bf4 d4 40. Kd6 Bc8 41. Bc4+ Ke8 42. e6 Bb7 43. b4 d3 44. Bxd3 Nd4 45. Be5 Nc6 46. Bxf5 Nxe5 47. Kxe5 h6 48. Kf6 Bc6 49. e7 1-0